| 000 | 00615nam a2200181 4500 | ||
|---|---|---|---|
| 001 | 107539 | ||
| 003 | ES-MaACL | ||
| 005 | 20230906184436.0 | ||
| 007 | t| | ||
| 008 | 061121s1935 sp r ||||1| spa d | ||
| 100 | 1 |
_aMorros Sardá, José. _983697 |
|
| 245 | 1 | 0 |
_aInsuficiencia hepática experimental _b: métodos y resultados / _cpor el doctor José Morros Sardá. |
| 260 |
_aMadrid : _b[s.n], _c1935. |
||
| 300 |
_a8 p. ; _c25 cm. |
||
| 500 | _aTirada aparte de Anuales de Medicina hepática. Tomo IV. Madrid, julio 1935, página 689 a 704. | ||
| 852 |
_aES-MaACL _j1802-F-12 |
||
| 852 |
_aES-MaACL _j1772-F-20 |
||
| 999 |
_c107539 _d107539 |
||